Statistics for Animals that start with the letter E

Click here to take the quiz!

General Stats

  • This quiz has been taken 48 times
    (35 since last reset)
  • The average score is 8 of 11

Answer Stats

Answer% Correct
Eagle
100%
Elephant
92%
Emu
84%
Elk
80%
Eland
68%
Echidna
64%
Emperor Penguin
64%
Earwig
60%
Elephant Seal
56%
Elephant Shrew
44%
Ermine
44%

Score Distribution

Percentile by Number Answered

Percent of People with Each Score

Your Score History

You have not taken this quiz since the last reset